[Event "25e tournoi 1hKO"]
[Site "Montigny le Bretonneux"]
[Date "2023.05.21"]
[Round "8.18"]
[White "Durez, Gerard"]
[Black "Couradin, Bruno"]
[Result "1-0"]
[WhiteElo "1379"]
[BlackElo "1343"]
[Annotator "Rivier,Sylvain"]
[PlyCount "93"]
[EventDate "2023.??.??"]

{Partie du pion dame} 1. d4 d5 2. Bf4 Nc6 3. e3 Nf6 4. Be2 Bf5 5. a3 e6 6. Nd2
Bd6 7. Bg5 h6 8. Bh4 Be7 9. c4 Ne4 10. Bxe7 Qxe7 11. cxd5 exd5 12. Ngf3 O-O 13.
O-O a6 14. Rc1 Rfe8 15. Qb3 Rab8 16. Qxd5 Qe6 17. Qxe6 Rxe6 18. d5 Rd6 19. Nxe4
Bxe4 20. dxc6 Bxc6 21. Nd4 Rbd8 22. Nxc6 Rxc6 23. Rxc6 bxc6 24. Bf3 Rd6 25. Rc1
Rd2 26. Rb1 c5 27. g3 c4 28. Kg2 c5 29. a4 f6 30. a5 Kf7 31. Bb7 Rd6 32. Rc1
Rd2 33. Rxc4 Rxb2 34. Bxa6 Ra2 35. Rxc5 Ke6 36. Bb7 Kd6 37. Rb5 Kc7 38. a6 g6
39. Rb3 Kb8 40. Rd3 Ka7 41. Rd6 Rb2 42. Rxf6 Rb6 43. Rxb6 Kxb6 44. Kf3 Ka7 45.
Ke4 Kb6 46. Kd5 Ka7 47. e4 1-0

[Event "25e tournoi 1hKO"]
[Site "Montigny le Bretonneux"]
[Date "2023.05.21"]
[Round "8.19"]
[White "Nguyen, Alexandre"]
[Black "Nosperger, Theo"]
[Result "1-0"]
[WhiteElo "1199"]
[BlackElo "1199"]
[Annotator "Rivier,Sylvain"]
[PlyCount "47"]
[EventDate "2023.??.??"]

{Partie viennoise} 1. e4 e5 2. Nc3 Nc6 3. Bc4 Nf6 4. d3 Bc5 5. Nge2 O-O 6. O-O
d6 7. h3 Qe7 8. Kh1 Nd7 9. f4 Kh8 10. Ng3 Nb6 11. Nd5 Nxd5 12. Bxd5 Qh4 13. Kh2
Bd7 14. f5 Rab8 15. Nh5 Bf2 16. g3 Qe7 17. Rxf2 g6 18. f6 Qd8 19. Ng7 Qc8 20.
Qd2 Bxh3 21. Qh6 Bg4 22. Nh5 Rg8 23. Qg7+ Rxg7 24. fxg7+ 1-0

[Event "25e tournoi 1hKO"]
[Site "Montigny le Bretonneux"]
[Date "2023.05.21"]
[Round "8.20"]
[White "Carbonero, Jean Marc"]
[Black "Abdallaoui, Mohamed Mehdi"]
[Result "0-1"]
[WhiteElo "1027"]
[BlackElo "1352"]
[Annotator "Rivier,Sylvain"]
[PlyCount "72"]
[EventDate "2023.??.??"]

{Partie écossaise} 1. e4 e5 2. Nf3 Nc6 3. d4 exd4 4. Nxd4 Qf6 5. Be3 Bb4+ 6. c3
Ba5 7. b4 Bb6 8. Nxc6 Bxe3 9. Qf3 Bxf2+ 10. Kxf2 Qxc6 11. b5 Qc5+ 12. Qe3 Qe7
13. Nd2 Nf6 14. h3 b6 15. g4 d6 16. Bg2 Qe5 17. Nc4 Qxb5 18. Qd3 Qc5+ 19. Qd4
Rb8 20. Qxc5 dxc5 21. e5 Nd7 22. Bc6 O-O 23. Rad1 Rd8 24. Rd2 Ba6 25. Rxd7 Rxd7
26. Bxd7 Bxc4 27. a3 Rd8 28. Rd1 Be6 29. Ke2 Rxd7 30. Rxd7 Bxd7 31. Ke3 Kf8 32.
Ke4 Bc6+ 33. Kf4 Ke7 34. h4 Ke6 35. h5 Bd5 36. g5 b5 0-1

[Event "25e tournoi 1hKO"]
[Site "Montigny le Bretonneux"]
[Date "2023.05.21"]
[Round "8.21"]
[White "Bozier, Teodor"]
[Black "Zheng, Zhaokang"]
[Result "1-0"]
[WhiteElo "1213"]
[BlackElo "1009"]
[Annotator "Rivier,Sylvain"]
[PlyCount "71"]
[EventDate "2023.??.??"]

{Partie italienne} 1. e4 e5 2. Nf3 Nc6 3. Bc4 Nf6 4. d3 Bc5 5. O-O d6 6. h3 O-O
7. Bg5 h6 8. Bh4 Be6 9. Bb3 Qe7 10. Nc3 Rad8 11. Re1 Nb4 12. Bxe6 fxe6 13. a3
Na6 14. Qe2 d5 15. exd5 exd5 16. Qxe5 Qxe5 17. Rxe5 g5 18. Bg3 d4 19. Na4 Bd6
20. Re2 Bf4 21. Bxf4 gxf4 22. Rae1 b5 23. Nxd4 Rxd4 24. Nc3 c6 25. Re6 b4 26.
axb4 Nxb4 27. R1e2 Nfd5 28. Nxd5 cxd5 29. Rxh6 f3 30. gxf3 Rxf3 31. c3 Rdf4 32.
cxb4 Rxb4 33. Ra6 Rxd3 34. Rxa7 Rd1+ 35. Kg2 Rdd4 36. Re8# 1-0

[Event "25e tournoi 1hKO"]
[Site "Montigny le Bretonneux"]
[Date "2023.05.21"]
[Round "8.22"]
[White "Baysse, Nathan"]
[Black "Druet, Arnaud"]
[Result "1-0"]
[WhiteElo "1199"]
[BlackElo "1199"]
[Annotator "Rivier,Sylvain"]
[PlyCount "100"]
[EventDate "2023.??.??"]

{Défense Caro-Kann, variante d'échange} 1. e4 c6 2. Nc3 d5 3. exd5 cxd5 4. d4
Bf5 5. h3 Nf6 6. Nf3 a6 7. Bf4 Nc6 8. Bd3 Bxd3 9. Qxd3 e6 10. a3 Bd6 11. Bg3
O-O 12. O-O Re8 13. Rfe1 Be7 14. Qd2 h6 15. Bf4 Bd6 16. Bxd6 Qxd6 17. Qe3 b5
18. Ne5 Qc7 19. Nxc6 Qxc6 20. Rac1 a5 21. Na2 Rab8 22. Qd2 b4 23. axb4 axb4 24.
Nxb4 Qa4 25. c3 Ne4 26. Qc2 Qb5 27. f3 Nd6 28. Qe2 Qa4 29. Qc2 Qd7 30. Na6 Rb5
31. Nc5 Qc6 32. Ra1 Ra8 33. Rxa8+ Qxa8 34. b4 Nc4 35. Rb1 Qd8 36. Qa4 Qb8 37.
Ra1 Kh7 38. Qc2+ g6 39. Ra6 Qf4 40. Ra7 Qe3+ 41. Kh1 Kg8 42. Ra8+ Kg7 43. Ra7
Nd6 44. Qd3 Qe1+ 45. Kh2 Rb8 46. Nd7 Re8 47. Ne5 Rd8 48. Qxg6+ Kh8 49. Qxh6+
Kg8 50. Nd7 Nf5 1-0

[Event "25e tournoi 1hKO"]
[Site "Montigny le Bretonneux"]
[Date "2023.05.21"]
[Round "8.24"]
[White "Genovart, Lucas"]
[Black "Christophe, Jules"]
[Result "1-0"]
[WhiteElo "1199"]
[BlackElo "1009"]
[Annotator "Rivier,Sylvain"]
[PlyCount "47"]
[EventDate "2023.??.??"]

{DÃ©fense des deux cavaliers} 1. e4 e5 2. Nf3 Nc6 3. Bc4 Nf6 4. Ng5 d5 5. exd5
Nxd5 6. Nxf7 Kxf7 7. Qf3+ Qf6 8. Qxd5+ Be6 9. Qxe6+ Qxe6 10. Bxe6+ Kxe6 11. Nc3
Nd4 12. O-O Bb4 13. Ne4 Rad8 14. c3 Ne2+ 15. Kh1 Ba5 16. Re1 Nf4 17. d4 exd4
18. Bxf4 Rhf8 19. Ng5+ Kd7 20. Bd2 Rxf2 21. Ne4 Rxd2 22. Nxd2 dxc3 23. bxc3
Bxc3 24. Rad1 1-0

[Event "25e tournoi 1hKO"]
[Site "Montigny le Bretonneux"]
[Date "2023.05.21"]
[Round "8.25"]
[White "Orfila, Hugo"]
[Black "Orfila, Aylin"]
[Result "1-0"]
[WhiteElo "1009"]
[BlackElo "1099"]
[Annotator "Rivier,Sylvain"]
[PlyCount "47"]
[EventDate "2023.??.??"]

{Partie des quatre cavaliers, variante espagnole} 1. e4 e5 2. Nf3 Nc6 3. Nc3
Nf6 4. Bb5 Bc5 5. d3 d6 6. Bg5 O-O 7. Nd5 Bb4+ 8. c3 Nd4 9. Nxf6+ gxf6 10. Bh4
Bg4 11. h3 Bxf3 12. gxf3 Nc6 13. Bxc6 Bc5 14. Bxb7 Rb8 15. b4 Bb6 16. Rg1+ Kh8
17. Qd2 Rg8 18. Rxg8+ Kxg8 19. Bd5 Qd7 20. Qh6 Qxh3 21. Qxf6 Qh1+ 22. Ke2 Qxa1
23. Qxf7+ Kh8 24. Bf6# 1-0

[Event "25e tournoi 1hKO"]
[Site "Montigny le Bretonneux"]
[Date "2023.05.21"]
[Round "9.1"]
[White "Plantet, Marc"]
[Black "Lamorelle, Julien"]
[Result "0-1"]
[WhiteElo "1821"]
[BlackElo "2296"]
[Annotator "Rivier,Sylvain"]
[PlyCount "39"]
[EventDate "2023.??.??"]

{DÃ©fense scandinave} 1. e4 d5 2. Nf3 dxe4 3. Ng5 Bf5 4. Bc4 e6 5. d3 Nf6 6.
Nc3 Bb4 7. O-O Bxc3 8. bxc3 h6 9. Nh3 Bxh3 10. gxh3 O-O 11. Rb1 Nbd7 12. Ba3
Re8 13. Rxb7 Ne5 14. Ba6 Qd5 15. dxe4 Qa5 16. Bb5 Qxa3 17. Bxe8 Nxe8 18. f4 Nc4
19. Qd4 Nb6 20. e5 {suite illisible} 0-1

[Event "25e tournoi 1hKO"]
[Site "Montigny le Bretonneux"]
[Date "2023.05.21"]
[Round "9.2"]
[White "Fruchard, Cyrille"]
[Black "Goujon, Antoine"]
[Result "1-0"]
[WhiteElo "2330"]
[BlackElo "1638"]
[Annotator "Rivier,Sylvain"]
[PlyCount "79"]
[EventDate "2023.??.??"]

{Partie du pion dame} 1. d4 Nf6 2. Nf3 e6 3. Nbd2 d5 4. e3 c5 5. b3 cxd4 6.
exd4 Bd6 7. Bb2 O-O 8. Bd3 Nc6 9. O-O Nb4 10. Be2 Bd7 11. a3 Nc6 12. Bd3 Rc8
13. Re1 Bb8 14. Ne5 Ne7 15. Nf1 Ng6 16. Qf3 Bc6 17. Ng3 Qc7 18. Rad1 Nd7 19. a4
Ndxe5 20. dxe5 Qe7 21. Bd4 Qg5 22. Qh5 Qxh5 23. Nxh5 Rfd8 24. f4 Ne7 25. Re3
Be8 26. Rg3 Ng6 27. h4 Kf8 28. Kf2 Bd7 29. Ke3 a6 30. Rh1 Bc7 31. Nxg7 Kxg7 32.
h5 Ba5 33. f5 Bc3 34. f6+ Kg8 35. hxg6 Bxd4+ 36. Kxd4 fxg6 37. Bxg6 hxg6 38.
Rxg6+ Kf7 39. Rg7+ Kf8 40. Rh8# 1-0

[Event "25e tournoi 1hKO"]
[Site "Montigny le Bretonneux"]
[Date "2023.05.21"]
[Round "9.3"]
[White "Lim, Chin"]
[Black "Divies, Renaud"]
[Result "0-1"]
[WhiteElo "1903"]
[BlackElo "1855"]
[Annotator "Rivier,Sylvain"]
[PlyCount "68"]
[EventDate "2023.??.??"]

{DÃ©fense sicilienne} 1. d4 c5 2. c3 g6 3. Nf3 Bg7 4. e4 b6 5. Bf4 Bb7 6. Nbd2
Nf6 7. Qc2 O-O 8. Be2 d6 9. Bg5 Nbd7 10. h4 h6 11. e5 hxg5 12. exf6 exf6 13. h5
f5 14. Bc4 Re8+ 15. Kf1 d5 16. Bb5 Bf6 17. hxg6 fxg6 18. g4 a6 19. Bd3 c4 20.
Be2 Qc7 21. gxf5 Kg7 22. fxg6 Rh8 23. Kg2 Qf4 24. Rag1 Qg4+ 25. Kf1 Rxh1 26.
Rxh1 Rh8 27. Rg1 Qh3+ 28. Ke1 g4 29. Ne5 Bxe5 30. dxe5 Nxe5 31. Qf5 Re8 32. Kd1
Rc8 33. Qf4 b5 34. Nf1 Qh6 {suite illisible} 0-1

[Event "25e tournoi 1hKO"]
[Site "Montigny le Bretonneux"]
[Date "2023.05.21"]
[Round "9.4"]
[White "Zheng, Linyi"]
[Black "Claisse, Patrick"]
[Result "0-1"]
[WhiteElo "1561"]
[BlackElo "1702"]
[Annotator "Rivier,Sylvain"]
[PlyCount "110"]
[EventDate "2023.??.??"]

{DÃ©fense sicilienne, variante Najdorf} 1. e4 c5 2. Nf3 d6 3. d4 cxd4 4. Nxd4
Nf6 5. Nc3 a6 6. Bg5 e6 7. Be2 Be7 8. f4 Qc7 9. O-O O-O 10. Bf3 Nbd7 11. Kh1
Rb8 12. a4 Re8 13. Qd2 Nf8 14. Bh4 Nxe4 15. Bxe4 Bxh4 16. Rf3 Bf6 17. Rh3 Bxd4
18. Qxd4 e5 19. Qd3 Bxh3 20. gxh3 exf4 21. Nd5 Qd8 22. Nxf4 Qf6 23. Rf1 Qe5 24.
Bd5 Ne6 25. Ng2 Re7 26. c3 Nc5 27. Qc4 Ne6 28. Qd3 Nc7 29. Bb3 Rbe8 30. Bc2 g6
31. Rf2 Qd5 32. Kg1 Qxd3 33. Bxd3 Nd5 34. Bc4 Nc7 35. Kf1 d5 36. Bd3 Ne6 37.
Ne3 Nc5 38. Nxd5 Nxd3 39. Nxe7+ Rxe7 40. Rd2 Nf4 41. Kf2 Nxh3+ 42. Kg3 Ng5 43.
Rc2 f5 44. Kf4 Nf7 45. Rg2 Re4+ 46. Kf3 Rxa4 47. Ke3 Kg7 48. Kf3 Kf6 49. Re2
Ne5+ 50. Kg2 f4 51. Kf2 Kf5 52. Rc2 Ra2 53. Kf1 f3 54. Rc1 Rxb2 55. h3 Kf4 {
suite illisible} 0-1

[Event "25e tournoi 1hKO"]
[Site "Montigny le Bretonneux"]
[Date "2023.05.21"]
[Round "9.5"]
[White "Guerin, Sasha"]
[Black "Piquard, Yaroslav"]
[Result "1-0"]
[WhiteElo "1194"]
[BlackElo "1616"]
[Annotator "Rivier,Sylvain"]
[PlyCount "59"]
[EventDate "2023.??.??"]

{Partie du pion dame} 1. d4 d5 2. Nc3 Nf6 3. Bf4 c5 4. e3 a6 5. Nf3 Bf5 6. Bd3
Bxd3 7. Qxd3 e6 8. O-O Nc6 9. Ne5 Rc8 10. Nxc6 Rxc6 11. Rfe1 c4 12. Qe2 Bb4 13.
f3 Bxc3 14. bxc3 Qa5 15. Qd2 Nd7 16. e4 Nb6 17. Rab1 O-O 18. exd5 Nxd5 19. Rxb7
Qxc3 20. Qxc3 Nxc3 21. Bd2 Nd5 22. Reb1 c3 23. Bc1 Rfc8 24. Rb8 h6 25. Kf2 Kh7
26. R8b7 R8c7 27. Ke2 Rc4 28. Rxc7 Rxc7 29. Kd3 Kg6 30. Rb3 {suite illisible}
1-0

[Event "25e tournoi 1hKO"]
[Site "Montigny le Bretonneux"]
[Date "2023.05.21"]
[Round "9.6"]
[White "Payot, Guillaume"]
[Black "Martin-Breteau, Paul"]
[Result "1/2-1/2"]
[WhiteElo "1402"]
[BlackElo "1506"]
[Annotator "Rivier,Sylvain"]
[PlyCount "61"]
[EventDate "2023.??.??"]

{Gambit dame, dÃ©fense slave} 1. d4 d5 2. c4 c6 3. cxd5 cxd5 4. Bf4 e6 5. Nc3
Bb4 6. e3 Bxc3+ 7. bxc3 Nc6 8. Bd3 h6 9. Nf3 Nf6 10. h3 O-O 11. O-O b6 12. Rc1
Bb7 13. c4 dxc4 14. Rxc4 Rc8 15. Rc1 Qe7 16. Bb1 Nb4 17. Qa4 Bxf3 18. gxf3 Nbd5
19. Be5 Nc3 20. Qa6 Nfd5 21. Qd3 Nxb1 22. Qxb1 Qd7 23. Kh2 f6 24. Bg3 Rxc1 25.
Rxc1 f5 26. Be5 Qf7 27. Rg1 Nf6 28. Rg2 Qh5 29. Qg1 Qf7 30. Kh1 Kh7 31. Qb1
1/2-1/2

[Event "25e tournoi 1hKO"]
[Site "Montigny le Bretonneux"]
[Date "2023.05.21"]
[Round "9.7"]
[White "Witkowski, Gwendal"]
[Black "Lamorelle, Alexey"]
[Result "0-1"]
[WhiteElo "1470"]
[BlackElo "1293"]
[Annotator "Rivier,Sylvain"]
[PlyCount "50"]
[EventDate "2023.??.??"]

{Gambit dame, dÃ©fense semi-slave} 1. d4 d5 2. c4 c6 3. Nc3 Nf6 4. Nf3 e6 5. e3
Bd6 6. Bd3 O-O 7. O-O Nbd7 8. b3 e5 9. e4 dxe4 10. Nxe4 Nxe4 11. Bxe4 exd4 12.
Bxh7+ Kxh7 13. Ng5+ Kg8 14. Qh5 Nf6 15. Qh4 c5 16. f4 Bf5 17. h3 Nh7 18. g4
Nxg5 19. fxg5 Bg6 20. Bd2 Re8 21. Qf2 d3 22. Be3 Qc7 23. Rad1 Bh2+ 24. Qxh2
Qxh2+ 25. Kxh2 Rxe3 0-1

[Event "25e tournoi 1hKO"]
[Site "Montigny le Bretonneux"]
[Date "2023.05.21"]
[Round "9.8"]
[White "Fayolle, Guy"]
[Black "Foare, Etienne"]
[Result "0-1"]
[WhiteElo "1615"]
[BlackElo "1318"]
[Annotator "Rivier,Sylvain"]
[PlyCount "87"]
[EventDate "2023.??.??"]

{DÃ©fense Caro-Kann, variante d'avance} 1. e4 c6 2. d4 d5 3. e5 c5 4. c3 Nc6 5.
Nf3 cxd4 6. cxd4 Bg4 7. Bb5 e6 8. O-O Nge7 9. Bg5 Qb6 10. Bxe7 Bxe7 11. Qd3
Bxf3 12. gxf3 O-O 13. Bxc6 bxc6 14. b3 c5 15. dxc5 Bxc5 16. Nd2 Bd4 17. Rae1
Rfc8 18. f4 Rc3 19. Qb1 Rac8 20. Kg2 Qb4 21. f5 Rc2 22. Nc4 Rxf2+ 23. Rxf2 Bxf2
24. Kxf2 dxc4 25. fxe6 Qb6+ 26. Kg2 Qxe6 27. Re3 c3 28. Qc2 Qg6+ 29. Qxg6 hxg6
30. Re1 c2 31. Rc1 Kf8 32. Kf3 Ke7 33. Ke4 Ke6 34. Kd4 Rd8+ 35. Ke3 Kxe5 36.
Rxc2 f5 37. Rc7 f4+ 38. Ke2 Kf5 39. Rxa7 g5 40. b4 g4 41. b5 f3+ 42. Kf2 Rd2+
43. Kf1 Rxh2 44. Ra8 {suite illisible} 0-1

[Event "25e tournoi 1hKO"]
[Site "Montigny le Bretonneux"]
[Date "2023.05.21"]
[Round "9.9"]
[White "Hoarau, Jules"]
[Black "Ferreira, Carlos"]
[Result "1-0"]
[WhiteElo "1416"]
[BlackElo "1675"]
[Annotator "Rivier,Sylvain"]
[PlyCount "58"]
[EventDate "2023.??.??"]

{Ouverture du pion dame} 1. d4 d6 2. Nf3 Nf6 3. Bf4 Nbd7 4. e3 h6 5. h3 c6 6.
c3 Qc7 7. Nbd2 b5 8. Be2 Bb7 9. O-O g5 10. Bh2 g4 11. hxg4 Nxg4 12. Bg3 c5 13.
Ne1 h5 14. Bxg4 hxg4 15. Qxg4 Nf6 16. Qe2 Qc6 17. f3 O-O-O 18. e4 Nh5 19. Bh2
Bh6 20. d5 Qd7 21. Kf2 Rdg8 22. Nb3 Bf4 23. Bxf4 Nxf4 24. Qe3 Rh4 25. Rc1 a6
26. g4 Rhxg4 27. fxg4 Qxg4 28. Rh1 Ng2 29. Qf3 Nxe1 {suite illisible} 1-0

[Event "25e tournoi 1hKO"]
[Site "Montigny le Bretonneux"]
[Date "2023.05.21"]
[Round "9.10"]
[White "El Yaalaoui, Adam"]
[Black "Chevallier, Stephane"]
[Result "0-1"]
[WhiteElo "1199"]
[BlackElo "1617"]
[Annotator "Rivier,Sylvain"]
[PlyCount "70"]
[EventDate "2023.??.??"]

{DÃ©fense Caro-Kann, variante d'avance} 1. e4 c6 2. d4 d5 3. e5 Bf5 4. Nf3 e6
5. c4 dxc4 6. Bxc4 Bb4+ 7. Nc3 h6 8. O-O Ne7 9. Qb3 Ba5 10. Qxb7 Nd7 11. Qb3
O-O 12. Be3 Nb6 13. Be2 Nbd5 14. Bd2 Qc7 15. Nxd5 cxd5 16. Bxa5 Qxa5 17. Rfd1
Rfb8 18. Qc3 Qxc3 19. bxc3 Rb2 20. Bd3 Bxd3 21. Rxd3 Rab8 22. Nd2 a5 23. Nb3 a4
24. Rd2 Rxd2 25. Nxd2 Rb2 26. Nb1 Nc6 27. Kf1 Na5 28. Ke1 Nc4 29. g3 a3 30. h4
Kh7 31. Kf1 Kg6 32. Kg2 Kf5 33. Kf3 h5 34. Kg2 Kg4 35. Kf1 Kf3 0-1

[Event "25e tournoi 1hKO"]
[Site "Montigny le Bretonneux"]
[Date "2023.05.21"]
[Round "9.11"]
[White "Sondermeijer, Antoine"]
[Black "Bouloc, Roger"]
[Result "1-0"]
[WhiteElo "1485"]
[BlackElo "1357"]
[Annotator "Rivier,Sylvain"]
[PlyCount "71"]
[EventDate "2023.??.??"]

{DÃ©fense sicilienne, attaque Canal-Sokolsky} 1. e4 c5 2. Nf3 d6 3. Bb5+ Bd7 4.
Bxd7+ Nxd7 5. O-O Ngf6 6. Qe2 e6 7. c3 Be7 8. d4 cxd4 9. cxd4 O-O 10. Nc3 a6
11. Rd1 b5 12. e5 Nd5 13. Ne4 dxe5 14. dxe5 Qc7 15. Bg5 Bxg5 16. Nexg5 h6 17.
Rac1 Qb7 18. Ne4 N7b6 19. Nd4 Qe7 20. Nc6 Qh4 21. Rd4 Kh8 22. Qf3 f5 23. Nc5
Qxd4 24. Nxd4 Rac8 25. Ndxe6 Rf7 26. a3 Re7 27. Qxf5 Nd7 28. b4 N5b6 29. Rd1
Nxc5 30. Nxc5 Rce8 31. e6 Nc4 32. Rd3 Nb2 33. Rf3 Rd8 34. h3 Rde8 35. Qg6 Nc4
36. Rf7 1-0

[Event "25e tournoi 1hKO"]
[Site "Montigny le Bretonneux"]
[Date "2023.05.21"]
[Round "9.12"]
[White "Forissier, Nicolas"]
[Black "Nguyen, Alexandre"]
[Result "1-0"]
[WhiteElo "1887"]
[BlackElo "1199"]
[Annotator "Rivier,Sylvain"]
[PlyCount "31"]
[EventDate "2023.??.??"]

{DÃ©fense Nimzo-indienne, systÃ¨me Rubinstein} 1. d4 Nf6 2. c4 e6 3. Nc3 Bb4 4.
Qc2 Nc6 5. Nf3 O-O 6. e3 d5 7. Bd3 dxc4 8. Bxc4 b6 9. O-O Bb7 10. a3 Bxc3 11.
bxc3 Ne7 12. Ne5 Ng6 13. Nxg6 hxg6 14. f3 Rc8 15. Rd1 Qe7 16. e4 {suite
illisible} 1-0

[Event "25e tournoi 1hKO"]
[Site "Montigny le Bretonneux"]
[Date "2023.05.21"]
[Round "9.13"]
[White "Briquet, Tom"]
[Black "Durez, Gerard"]
[Result "1-0"]
[WhiteElo "1548"]
[BlackElo "1379"]
[Annotator "Rivier,Sylvain"]
[PlyCount "83"]
[EventDate "2023.??.??"]

{DÃ©fense Caro-Kann, variante d'avance} 1. e4 c6 2. d4 d5 3. e5 Bf5 4. Bd3 Bxd3
5. Qxd3 e6 6. Ne2 Nd7 7. O-O c5 8. c3 cxd4 9. cxd4 Be7 10. Nd2 Bg5 11. f4 Be7
12. Nf3 g6 13. Bd2 Nh6 14. Rac1 Nf5 15. g4 Ng7 16. Ng3 h5 17. h3 h4 18. Ne2 O-O
19. Kh2 Nb6 20. b3 Rc8 21. Rg1 Rxc1 22. Bxc1 Qd7 23. Bd2 Rc8 24. Be1 Qd8 25. f5
exf5 26. gxf5 Nxf5 27. Qxf5 Kg7 28. Qd3 Qc7 29. Nxh4 Bxh4 30. Bxh4 Qc2 31. Bf6+
Kf8 32. Qe3 Ke8 33. e6 Qe4 34. exf7+ Kxf7 35. Qxe4 dxe4 36. Be5 Nd5 37. Rc1 Re8
38. Nf4 Nxf4 39. Bxf4 Re7 40. Be5 Ke6 41. Rf1 Kd5 42. Kg2 1-0

[Event "25e tournoi 1hKO"]
[Site "Montigny le Bretonneux"]
[Date "2023.05.21"]
[Round "9.14"]
[White "Kissian, Pascal"]
[Black "Nosperger, Mael"]
[Result "0-1"]
[WhiteElo "1523"]
[BlackElo "1334"]
[Annotator "Rivier,Sylvain"]
[PlyCount "56"]
[EventDate "2023.??.??"]

{Ouverture du pion dame} 1. d4 Nf6 2. Bg5 e6 3. Nf3 Be7 4. e3 b6 5. Bd3 Bb7 6.
Nbd2 O-O 7. c3 d6 8. Qc2 h6 9. Bh4 Nbd7 10. h3 c5 11. g4 Rc8 12. g5 hxg5 13.
Bxg5 g6 14. Bxg6 fxg6 15. Qxg6+ Kh8 16. Rg1 Rg8 17. Qh6+ Nh7 18. O-O-O Bxg5 19.
Nxg5 Rxg5 20. Rxg5 Qxg5 21. Qxe6 Qg7 22. d5 Ne5 23. Ne4 Qd7 24. Qh6 Rg8 25. Nf6
Rg6 26. Qh4 Rxf6 27. Rg1 Nf3 28. Qg4 Qxg4 0-1

[Event "25e tournoi 1hKO"]
[Site "Montigny le Bretonneux"]
[Date "2023.05.21"]
[Round "9.15"]
[White "Branson, James"]
[Black "Suffert, Martin"]
[Result "0-1"]
[WhiteElo "1537"]
[BlackElo "1368"]
[Annotator "Rivier,Sylvain"]
[PlyCount "35"]
[EventDate "2023.??.??"]

{DÃ©fense scandinave} 1. e4 d5 2. exd5 Qxd5 3. Nf3 Nf6 4. Nc3 Qa5 5. Bc4 Bg4 6.
O-O c6 7. d3 e6 8. Qe2 Nd5 9. Bd2 Qd8 10. Rfe1 Be7 11. Rad1 O-O 12. Ne4 Nd7 13.
Ng3 Qc7 14. h3 Bxf3 15. Qxf3 N7f6 16. c3 Rfe8 17. Be3 Nb4 18. Nh5 {suite
illisible} 0-1

[Event "25e tournoi 1hKO"]
[Site "Montigny le Bretonneux"]
[Date "2023.05.21"]
[Round "9.16"]
[White "Abdallaoui, Mohamed Mehdi"]
[Black "Hedjazian, Farhad"]
[Result "1-0"]
[WhiteElo "1352"]
[BlackElo "1518"]
[Annotator "Rivier,Sylvain"]
[PlyCount "57"]
[EventDate "2023.??.??"]

{Ouverture anglaise} 1. c4 e5 2. e3 Nf6 3. Nc3 c6 4. a3 d5 5. cxd5 cxd5 6. Bd3
Bd6 7. Nge2 Nc6 8. b3 O-O 9. Bb2 Be6 10. O-O e4 11. Bc2 Bxh2+ 12. Kh1 Bd6 13.
Ng1 Ng4 14. Nce2 Qh4+ 15. Nh3 Nh2 16. Neg1 Bxh3 17. gxh3 Nf3 18. Kg2 Qg5+ 19.
Kh1 Qf5 20. Qxf3 Qxf3+ 21. Nxf3 exf3 22. Rg1 Be5 23. Bxe5 Nxe5 24. d4 Ng6 25.
Bf5 Ne7 26. Bg4 f5 27. Bxf3 f4 28. e4 dxe4 29. Bxe4 {suite illisible} 1-0

[Event "25e tournoi 1hKO"]
[Site "Montigny le Bretonneux"]
[Date "2023.05.21"]
[Round "9.17"]
[White "Cogez, Celine"]
[Black "Bozier, Teodor"]
[Result "1-0"]
[WhiteElo "1505"]
[BlackElo "1213"]
[Annotator "Rivier,Sylvain"]
[PlyCount "67"]
[EventDate "2023.??.??"]

{Partie des quatre cavaliers, variante Ã©cossaise} 1. e4 e5 2. Nf3 Nc6 3. d4
exd4 4. Nxd4 Nf6 5. Nc3 h6 6. Be3 Bb4 7. Nxc6 bxc6 8. Bd3 O-O 9. O-O Bxc3 10.
bxc3 Re8 11. Qf3 d6 12. h3 Be6 13. a4 c5 14. c4 Rb8 15. c3 Qe7 16. Rfe1 Rb2 17.
Bc1 Rb6 18. e5 Nd7 19. Qe4 f5 20. exf6 Nxf6 21. Qe3 Qf7 22. Qg3 Bxc4 23. Rxe8+
Nxe8 24. Bxc4 Qxc4 25. Bxh6 Qe6 26. Bd2 Rb2 27. Re1 Qf7 28. Bh6 Kh7 29. Rxe8
gxh6 30. Qd3+ Kg7 31. Qg3+ Kh7 32. Qe3 Qg6 33. Qe7+ Qg7 34. Qe4+ 1-0

[Event "25e tournoi 1hKO"]
[Site "Montigny le Bretonneux"]
[Date "2023.05.21"]
[Round "9.18"]
[White "Baysse, Nathan"]
[Black "Couradin, Jean-Marie"]
[Result "0-1"]
[WhiteElo "1199"]
[BlackElo "1476"]
[Annotator "Rivier,Sylvain"]
[PlyCount "80"]
[EventDate "2023.??.??"]

{DÃ©fense Pirc} 1. e4 d6 2. Nf3 Nd7 3. Bc4 h6 4. Nc3 e5 5. d3 Ngf6 6. Be3 Be7
7. h3 c6 8. d4 Qc7 9. Qe2 b5 10. dxe5 dxe5 11. Bb3 b4 12. Nb1 Nxe4 13. Qc4 Nd6
14. Qxb4 a5 15. Qc3 Nf5 16. a4 O-O 17. O-O Ba6 18. Rd1 Bb4 19. Rxd7 Qxd7 20.
Qxe5 Qd1+ 21. Kh2 Bd6 22. Qxd6 Qxd6+ 23. Kg1 Nxe3 24. fxe3 Qd1+ 25. Kh2 Be2 26.
Nfd2 Rad8 27. Ra3 Rxd2 28. Nxd2 Qxd2 29. Kg1 Qxe3+ 30. Kh2 Qf2 31. Ra1 Bf1 32.
Rxf1 Qxf1 33. c3 Rd8 34. Kg3 Rd3+ 35. Kg4 Qxg2+ 36. Kf4 g5+ 37. Ke5 Qe2+ 38.
Kf5 Rf3+ 39. Kg4 Qg2+ 40. Kh5 Rxh3# 0-1

[Event "25e tournoi 1hKO"]
[Site "Montigny le Bretonneux"]
[Date "2023.05.21"]
[Round "9.19"]
[White "Tanchoux, Pierre"]
[Black "Privat, Jean-Claude"]
[Result "0-1"]
[WhiteElo "1236"]
[BlackElo "1465"]
[Annotator "Rivier,Sylvain"]
[PlyCount "94"]
[EventDate "2023.??.??"]

{Partie du pion dame} 1. d4 d5 2. Nf3 Nf6 3. e3 c6 4. Bd3 e6 5. Nbd2 Nbd7 6. c3
Bd6 7. O-O O-O 8. e4 dxe4 9. Nxe4 Nxe4 10. Bxe4 Nf6 11. Bc2 g6 12. Bg5 Be7 13.
Qd3 Nd5 14. Bh6 Re8 15. Qe2 Qa5 16. Ne5 Nf6 17. Qf3 Qd5 18. Qf4 Qd6 19. Bg5 Qd8
20. Ng4 Nxg4 21. Bxe7 Qxe7 22. Qxg4 b6 23. Qg3 Bb7 24. Rfe1 Rac8 25. Be4 Qc7
26. Qg4 c5 27. Bxb7 Qxb7 28. dxc5 Rxc5 29. Rad1 Qc6 30. Re3 Rd5 31. Red3 Red8
32. Rxd5 Rxd5 33. Rxd5 Qxd5 34. g3 Qxa2 35. Qe2 Qd5 36. c4 Qd4 37. b3 a5 38.
Qe3 Qxe3 39. fxe3 Kf8 40. Kf2 Ke7 41. Kf3 f6 42. Ke4 Kd6 43. Kd4 e5+ 44. Kc3
Kc5 45. e4 h6 46. h3 f5 47. exf5 gxf5 0-1

[Event "25e tournoi 1hKO"]
[Site "Montigny le Bretonneux"]
[Date "2023.05.21"]
[Round "9.20"]
[White "Couradin, Bruno"]
[Black "Moulun, Raphael"]
[Result "1-0"]
[WhiteElo "1343"]
[BlackElo "1355"]
[Annotator "Rivier,Sylvain"]
[PlyCount "77"]
[EventDate "2023.??.??"]

{DÃ©fense Nimzo-indienne, systÃ¨me Rubinstein} 1. d4 Nf6 2. c4 e6 3. Nc3 Bb4 4.
Bd2 c5 5. e3 O-O 6. Bd3 d6 7. Nf3 d5 8. a3 Bxc3 9. Bxc3 b6 10. O-O dxc4 11.
Bxc4 Bb7 12. dxc5 Qe7 13. cxb6 Rd8 14. Qe2 axb6 15. Rfd1 Rc8 16. Bb4 Qc7 17.
Rac1 Ba6 18. b3 Ra7 19. Bd2 b5 20. Bxb5 Qb7 21. Bxa6 Nxa6 22. Nd4 Qb8 23. Nc6
Rxc6 24. Rxc6 Nc7 25. Rdc1 h6 26. e4 Kh7 27. Bf4 Qb5 28. Qxb5 Nxb5 29. a4 Nd4
30. Rc7 Ne2+ 31. Kf1 Nxc1 32. Rxa7 Nxb3 33. a5 Nxe4 34. a6 f6 35. Be3 Na5 36.
Rc7 Nd6 37. a7 Nb5 38. a8=Q Nxc7 39. Qxa5 1-0